00543nam a2200181 a 450000100060000000300080000600500170001400800410003103500190007204000320009104100080012308200240013110000270015524500510018226000420023330000320027560000540030749283BD-RjUL20211209054647.0160820s1961 pk a b 000 0beng  a(BD-RjUL)49402 aDLCcIXAdZCUdBD-RjULbeng aeng 223a330.9bSHK 19611 aSharab, Zahurul Hasan.10aKhawaja Gharib Nawaz /cZahurul Hassan Sharib. aLahore :bSh. Muhammad Ashraf,c1961, aix, 157 p. :bill ;c22 cm.00aMuinuddin Hasan Cishti Sanjari Ajmeri,d1143-1234